|
|
|
|
| LEADER |
00000nam0a2200000 4500 |
| 001 |
193251 |
| 005 |
20231101224454.0 |
| 020 |
|
|
|a RU
|b 87-28588
|
| 035 |
|
|
|a (RuTPU)RU\TPU\book\210768
|
| 090 |
|
|
|a 193251
|
| 100 |
|
|
|a 20110322d1986 m a0rusy5003 ca
|
| 101 |
0 |
|
|a rus
|
| 102 |
|
|
|a RU
|
| 105 |
|
|
|a a z 000zb
|
| 200 |
1 |
|
|a Он всех нас позвал в космос
|e к 25-летию космического полета Ю. А. Гагарина
|e сборник
|f под ред. Б. И. Колтовой
|
| 210 |
|
|
|a Москва
|c Известия
|d 1986
|
| 215 |
|
|
|a 416 с.
|c ил.
|d 22 см
|
| 600 |
|
1 |
|a Гагарин
|b Ю. А.
|c российский летчик-космонавт
|c Герой Советского Союза
|f 1934-1968
|g Юрий Алексеевич
|2 stltpush
|3 (RuTPU)RU\TPU\pers\50
|9 33
|
| 610 |
1 |
|
|a космонавтика
|
| 610 |
1 |
|
|a летчики-космонавты
|
| 610 |
1 |
|
|a СССР
|
| 610 |
1 |
|
|a история
|
| 610 |
1 |
|
|a космические полеты
|
| 675 |
|
|
|a 629.78
|z rus
|
| 702 |
|
1 |
|a Колтова
|b Б. И.
|g Бронислав Иванович
|4 340
|
| 801 |
|
0 |
|a RU
|b RuMRKP
|c 19950417
|g psbo
|
| 801 |
|
1 |
|a RU
|b 63413507
|c 20110322
|
| 801 |
|
2 |
|a RU
|b 63413507
|c 20110520
|g RCR
|
| 942 |
|
|
|c BK
|